000 02106nam a22002657a 4500
999 _c335489
_d335489
001 49383
003 UA-OsUOA
005 20230504161245.0
007 ta
008 20071003b un ||||| |||| 00| 0 ukr d
020 _a966-683-093-0
040 _aUA-OsUOA
_bukr
_cUA-OsUOA
_dUA-OsUOA
041 _aukr
080 _a330.46
090 _a330.46
_bГ86
100 _aГрона В.
245 _aОснови математичної кібернетики
_bнавчальний посібник
260 _aЖитомир
_bЖДТУ
_c2004
300 _a428 с.
520 _aПеред вами книга, початковий університетський підручник з Математичної Кібернетики (МК). Упродовж всієї книги ми акцентуємо увагу читачів на основних проблемах та вузлових гемах МК. Усі теми супроводжуються алгоритмами, для більшості з яких наводяться лістинги їх комп'ютерних програм, які розмішені у додатку до нашої книги. Текст постійно супроводжується задачами та вправами для самостійного розв’язку. Наша книга має вкрай нестандартний характер. Вона не є систематичним підручником. Ми хотіли написати навчальний посібник для наших майбутніх колег - дослідників ще не пройдених шляхів, ще не розв'язаних проблем сучасної математичної кібернетики. Але у нас не було стандартного аналога у відомій нам математичній літературі.
650 7 _a330 Економіка взагалі
_2UDC
942 _cBK
_2udc
955 _a2